000 00753nam a2200205 4500
003 OSt
005 20221117161052.0
008 221117b |||||||| |||| 00| 0 eng d
040 _cBiblioteca Lado V
082 _a708
_bC172a
110 _9464
_aCamara de Comercio de Bogota
_eautor
245 _aArtbo/
_bFeria Internacional de Arte de Bogota Muestra Artecamara 2005/
260 _bPanamericana Formas e Impresiones
_c2005
_aColombia
300 _a58p.
_c25x25cm
650 _2Tesauro de Arte & Arquitectura
_aFERIA INTERNACIONAL
650 _2Tesauro de Arte & Arquitectura
_aARTE VISUAL
650 _2Tesauro de Arte & Arquitectura
_aARTE COLOMBIANO
700 _aFrerot, Christine
_eautor
_9454
942 _2ddc
_c1
_h708
_iC172a
999 _c2686
_d2686